| 000 | 00428nam a2200169Ia 4500 | ||
|---|---|---|---|
| 008 | 210210b1975 xxu||||| |||| 00| 0 eng d | ||
| 041 | _aeng | ||
| 082 | _a575 SWAI | ||
| 100 | _aSWARUP (H) | ||
| 245 | _aIntroduction to evolutionary biology | ||
| 260 |
_aDelhi _bVishal Publications _c1975 |
||
| 300 | _aiv,279,v | ||
| 650 | _aEvolutionary Biology | ||
| 690 | _aEvolution | ||
| 700 | _aPATHAK (J P N). | ||
| 906 | _aSG00705 | ||
| 999 |
_c112197 _d112197 |
||